Harry Potter: Alle Familien-Mitglieder der Familie Weasly - Statistiken

Allgemein
  • Dieses Quiz wurde 159 mal gespielt
  • Das Durchschnittsergebnis liegt bei 9 aus 9
Answers on the Grid
Answers color-coded by a green-red scale on the quiz's grid according to % correct below.
Ron
Bill
John
Harry
Robert
Charlie
Fred
Martin
Ginny
Edward
Arthur
Molly
George
Percy
Cedric
Oscar
 
Antwortstatistiken
Antwort % Korrekt
Ron
99%
Fred
98%
George
98%
Ginny
98%
Molly
98%
Arthur
97%
Bill
97%
Percy
95%
Charlie
93%
Keine übereinstimmenden Quizze gefunden
Verteilung der Resultate
Anzahl Personen mit jedem Resultat
Perzentil nach korrekt beantworteten Fragen
Ihre Resultats-Entwicklung
Sie haben dieses Quiz noch nicht gespielt